A rage to kill: and other true cases
| 1. VerfasserIn: | |
|---|---|
| Medienart: | Druck Buch |
| Sprache: | Englisch |
| Veröffentlicht: |
New York [u.a.]
Pocket Star Books
1999
|
| In: |
Ann Rule's crime files (6)
Jahr: 1999 |
| Bestand in Tübingen: | In Tübingen vorhanden. UB: KB 8 E 9360 |
| Verfügbarkeit prüfen: | HBZ Gateway |
| Subito Bestelldienst: | Jetzt bestellen. |
MARC
| LEADER | 00000cam a2200000 c 4500 | ||
|---|---|---|---|
| 001 | 1167045181 | ||
| 003 | DE-627 | ||
| 005 | 20251225181927.0 | ||
| 007 | tu | ||
| 008 | 020213s1999 xx ||||| 00| ||eng c | ||
| 010 | |a 2001277464 | ||
| 020 | |a 0671025341 |9 0-671-02534-1 | ||
| 035 | |a (DE-627)1167045181 | ||
| 035 | |a (DE-576)097045187 | ||
| 035 | |a (DE-599)BSZ097045187 | ||
| 035 | |a (OCoLC)45479174 | ||
| 040 | |a DE-627 |b ger |c DE-627 |e rakwb | ||
| 041 | |a eng | ||
| 082 | 0 | |a 364.152309797772 | |
| 082 | 0 | |a 364.15/23/09797772 | |
| 082 | 0 | |a 364.15/23/0973 | |
| 100 | 1 | |a Rule, Ann |0 (DE-588)12041788X |0 (DE-627)696656043 |0 (DE-576)164336990 |4 aut | |
| 109 | |a Rule, Ann | ||
| 245 | 1 | 2 | |a A rage to kill |b and other true cases |c Ann Rule |
| 264 | 1 | |a New York [u.a.] |b Pocket Star Books |c 1999 | |
| 300 | |a XVII, 382 S. |b Ill. | ||
| 336 | |a Text |b txt |2 rdacontent | ||
| 337 | |a ohne Hilfsmittel zu benutzen |b n |2 rdamedia | ||
| 338 | |a Band |b nc |2 rdacarrier | ||
| 490 | 1 | |a Ann Rule's crime files |v 6 | |
| 583 | 1 | |a Archivierung prüfen |c 20200919 |f DE-640 |z 1 |2 pdager | |
| 830 | 0 | |a Ann Rule's crime files |v 6 |9 6 |w (DE-627)1167044991 |w (DE-576)097044997 |7 am | |
| 951 | |a BO | ||
| ELC | |b 1 | ||
| LOK | |0 000 xxxxxcx a22 zn 4500 | ||
| LOK | |0 001 2407373006 | ||
| LOK | |0 003 DE-627 | ||
| LOK | |0 004 1167045181 | ||
| LOK | |0 005 20020213000000 | ||
| LOK | |0 008 020213||||||||||||||||ger||||||| | ||
| LOK | |0 040 |a DE-21 |c DE-627 |d DE-21 | ||
| LOK | |0 852 |a DE-21 | ||
| LOK | |0 852 1 |c KB 8 E 9360 |9 00 | ||
| LOK | |0 935 |a krim | ||
| LOK | |0 936ln |a k10.8 | ||
| LOK | |0 939 |a 13-02-02 |b l01 | ||
| ORI | |a SA-MARC-krimdoka001.raw | ||
| SIG | |a UB: KB 8 E 9360 | ||
